000 01055nam a2200241Ia 4500
003 IN-BaIIA
008 211028s9999 xx 000 0 eng d
020 _a2-86332-077-7
040 _cIIA Library
080 _a524.37(082.2)
_bFRO
111 _aInternational Colloquium in the Occasion of the 7th Centenary of the Universities of Montpellier
_cFrance
_d1989 Sept. 4 - 7
_917153
245 0 _aFrom Miras to planetary nebulae- which path for stellar evolution?
_bproceedings of the International colloquium in the occasion of the 7th centenary of the Universities of Montpellier, France, Sept. 4 - 7, 1989
_cedited by M. O. Mennessier and A. Omont
260 _aFrance
_bEditions Frontiers
_c1990
300 _aIxix, 565p.
650 _aAstronomy and astrophysics thesaurus
650 _aOrion nebulae
_91190
650 _aPlanetary nebulae
_95510
650 _aRing nebulae
_95511
650 _aStellar evolution
700 _aMennessier, M. O., ed.
_917154
700 _aOmont, A., ed.
_917155
942 _cBK
999 _c10125
_d10125